01420nam a2200277 a 4500001001000000005001700010008004100027041000800068044000700076084002100083100004500104245008700149260002700236300002200263500025100285500010500536500016700641500001100808546002500819650005200844650005600896650003400952650004600986700006001032740005001092BRCA_303120190320204057.0210109s1754----fr-a---###---#000-0#fre-u afre afr a341b.L435c17541 aCervantes Saavedra, Miguel ded1547-161610aHistoire de L´Admirable Don Quichotte de la ManchecMiguel de Cervantes Saavedra. aParísbLeclercc1754 a6 v.bil.c18 cm. aContenido : v 1. Primera parte. Advertencia del traductor. Texto. -- v 2. Texto. -- v 3. Segunda parte. Texto. -- v 4. Texto. -- v 5. Primera parte de la continuación por el traductor. -- v 6. Segunda parte de la continuación por el traductor aEdición : Traduite de l´Espagnol de Michel de Cervantes. Nouvelle edition revueé et augmentée aReproducción de la edición de 1732, publicada por la Compagnie des Libraires, con las mismas láminas. Píel; lomeras adornadas con dorados Lúdovik Osterc aQM267A aTexto en : francés14aNovela españolayÉpoca clásica, 1500-170014aLiteratura españolayÉpoca clásica, 1500-170014aNovela españolaySiglo XVII14aDon Quijote (Personaje ficiticio)eNovela1 aSaint-Martin, Francois Filleau ded1632-1695eTraductor0 aEl Ingenioso Hidalgo Don Quijote de la Mancha